000 00568nam a2200193Ia 4500
003 OSt
005 20220831130920.0
008 220831b |||||||| |||| 00| 0 eng d
020 _a0521 33311 3
040 _cIFM Library
082 _a368.4
100 _aGordon, Margaret S.
_92504
245 _aSocial Security Policies in Industrial Countries
260 _aCambridge:
_bCambridge University Press,
_c1988
300 _axvi, 377p. :
_bill. ;24cm
500 _aIncludes bibliographical references and index
650 _aSocial security
_91249
942 _cBK
_2ddc
_n0
999 _c6875
_d6875